I sekretarze KC PZPR 1944-1990 - Statystyki

Ogólne statystyki
  • Ten quiz został rozwiązany 312 razy
  • Średni wynik to 5 z 7
Statystyki odpowiedzi
rok odpowiedź % Poprawnych
1970-1980 Edward Gierek
97%
1944-1956 Bolesław Bierut
95%
1981-1989 Wojciech Jaruzelski
95%
1956-1970 Władysław Gomułka
94%
1980-1981 Stanisław Kania
60%
1956 Edward Ochab
54%
1989-1990 Mieczysław Rakowski
39%
Nie znaleziono quizów pasujących do podanych kryteriów
Rozkład punktacji
Procent ludzi z każdym wynikiem
Percentyl według liczby udzielonych odpowiedzi
Twoja historia wyników
Nie rozwiązałeś tego quizu